000
00231nam a2200097Ia 4500
008
230915s9999 xx 000 0 und d
050
_a
QC73.4 .M3 C.3
100
_a
Maton Anthea
245
0
_a
Motion, Forces and Energy
942
_c
BK
999
_c
189403
_d
189403